000 00644cam a2200145 4500500
005 20251228082745.0
041 _afre
042 _adc
100 1 0 _aQuantin, Jean-Louis
_eauthor
245 0 0 _aMargaret Llasera, Représentations scientifiques et images poétiques en Angleterre au XVIIe siècle. À la recherche de l’invisible, Paris, CNRS & ENS Éditions, 1999. Un vol. 24 × 5,5 cm de 300 p.
260 _c2002.
500 _a83
786 0 _nDix-septième siècle | 215 | 2 | 2002-06-01 | p. 369c-382c | 0012-4273
856 4 1 _uhttps://shs.cairn.info/revue-dix-septieme-siecle-2002-2-page-369c?lang=fr&redirect-ssocas=7080
999 _c1599744
_d1599743